000 00356 a2200157 4500
001 63915
020 _a8573590734 (broch.)
040 _cAnchieta - Pituba
100 _aCascino, Fabio.
240 1 0 _aEducação ambiental
_lpor
245 1 0 _aEducação ambiental
300 _a109p.
362 0 _a1999
650 4 _aProblemas ambientais
942 _cBK
999 _c63915
_d63915